<?xml version="1.0" encoding="UTF-8"?><?xml-stylesheet type="text/xsl" href="static/style.xsl"?><OAI-PMH xmlns="http://www.openarchives.org/OAI/2.0/" xmlns:xsi="http://www.w3.org/2001/XMLSchema-instance" xsi:schemaLocation="http://www.openarchives.org/OAI/2.0/ http://www.openarchives.org/OAI/2.0/OAI-PMH.xsd"><responseDate>2026-04-13T15:00:48Z</responseDate><request verb="GetRecord" identifier="oai:www.recercat.cat:11351/3856" metadataPrefix="marc">https://recercat.cat/oai/request</request><GetRecord><record><header><identifier>oai:recercat.cat:11351/3856</identifier><datestamp>2025-10-24T10:17:31Z</datestamp><setSpec>com_2072_378070</setSpec><setSpec>com_2072_378040</setSpec><setSpec>col_2072_378092</setSpec></header><metadata><record xmlns="http://www.loc.gov/MARC21/slim" xmlns:dcterms="http://purl.org/dc/terms/" xmlns:xsi="http://www.w3.org/2001/XMLSchema-instance" xmlns:doc="http://www.lyncode.com/xoai" xsi:schemaLocation="http://www.loc.gov/MARC21/slim http://www.loc.gov/standards/marcxml/schema/MARC21slim.xsd">
   <leader>00925njm 22002777a 4500</leader>
   <datafield ind2=" " ind1=" " tag="042">
      <subfield code="a">dc</subfield>
   </datafield>
   <datafield ind2=" " ind1=" " tag="720">
      <subfield code="a">Solans Laque, Roser</subfield>
      <subfield code="e">author</subfield>
   </datafield>
   <datafield ind2=" " ind1=" " tag="720">
      <subfield code="a">Fraile, Guadalupe</subfield>
      <subfield code="e">author</subfield>
   </datafield>
   <datafield ind2=" " ind1=" " tag="720">
      <subfield code="a">Rodriguez-Carballeira, Monica</subfield>
      <subfield code="e">author</subfield>
   </datafield>
   <datafield ind2=" " ind1=" " tag="720">
      <subfield code="a">Caminal, Luis</subfield>
      <subfield code="e">author</subfield>
   </datafield>
   <datafield ind2=" " ind1=" " tag="720">
      <subfield code="a">Castillo, Maria J</subfield>
      <subfield code="e">author</subfield>
   </datafield>
   <datafield ind2=" " ind1=" " tag="720">
      <subfield code="a">Martínez Valle, Fernando</subfield>
      <subfield code="e">author</subfield>
   </datafield>
   <datafield ind2=" " ind1=" " tag="720">
      <subfield code="a">Zamora Villafaina, Monica</subfield>
      <subfield code="e">author</subfield>
   </datafield>
   <datafield ind2=" " ind1=" " tag="720">
      <subfield code="a">Bosch Gil, José Ángel</subfield>
      <subfield code="e">author</subfield>
   </datafield>
   <datafield ind2=" " ind1=" " tag="260">
      <subfield code="c">2019-03-22T07:12:00Z</subfield>
   </datafield>
   <datafield ind2=" " ind1=" " tag="260">
      <subfield code="c">2019-03-22T07:12:00Z</subfield>
   </datafield>
   <datafield ind2=" " ind1=" " tag="260">
      <subfield code="c">2017-02</subfield>
   </datafield>
   <datafield ind2=" " ind1=" " tag="520">
      <subfield code="a">Spain; ANCA; Vasculitides</subfield>
   </datafield>
   <datafield ind2=" " ind1=" " tag="520">
      <subfield code="a">Espanya; ANCA; Vasculitis</subfield>
   </datafield>
   <datafield ind2=" " ind1=" " tag="520">
      <subfield code="a">España; ANCA; Vasculitis</subfield>
   </datafield>
   <datafield ind2=" " ind1=" " tag="520">
      <subfield code="a">The aim of this study was to describe the clinical characteristics of ANCA-associated vasculitides (AAV) at presentation, in a wide cohort of Spanish patients, and to analyze the impact of the vasculitis type, ANCA specificity, prognostic factors, and treatments administered at diagnosis, in the outcome.A total of 450 patients diagnosed between January 1990 and January 2014 in 20 Hospitals from Spain were included. Altogether, 40.9% had granulomatosis with polyangiitis (GPA), 37.1% microscopic polyangiitis (MPA), and 22% eosinophilic granulomatosis with polyangiitis (EGPA). The mean age at diagnosis was 55.6 ± 17.3 years, patients with MPA being significantly older (P &lt; 0.001). Fever, arthralgia, weight loss, respiratory, and ear-nose-throat (ENT) symptoms, were the most common at disease onset. ANCAs tested positive in 86.4% of cases: 36.2% C-ANCA-PR3 and 50.2% P-ANCA-MPO. P-ANCA-MPO was significantly associated with an increased risk for renal disease (OR 2.6, P &lt; 0.001) and alveolar hemorrhage (OR 2, P = 0.010), while C-ANCA-PR3 was significantly associated with an increased risk for ENT (OR 3.4, P &lt; 0.001) and ocular involvement (OR 2.3, P = 0.002). All patients received corticosteroids (CS) and 74.9% cyclophosphamide (CYC). The median follow-up was 82 months (IQR 100.4). Over this period 39.9% of patients suffered bacterial infections and 14.6% opportunistic infections, both being most prevalent in patients with high-cumulated doses of CYC and CS (P &lt; 0.001). Relapses were recorded in 36.4% of cases with a mean rate of 2.5 ± 2.3, and were more frequent in patients with C-ANCA-PR3 (P = 0.012). The initial disease severity was significantly associated with mortality but not with the occurrence of relapses. One hundred twenty-nine (28.7%) patients (74 MPA, 41 GPA, 14 EGPA) died. The mean survival was 58 months (IQR 105) and was significantly lower for patients with MPA (P &lt; 0.001). Factors independently related to death were renal involvement (P = 0.010), cardiac failure (P = 0.029) and age over 65 years old (P &lt; 0.001) at disease onset, and bacterial infections (P &lt; 0.001). An improved outcome with significant decrease in mortality and treatment-related morbidity was observed in patients diagnosed after 2000, and was related to the implementation of less toxic regimens adapted to the disease activity and stage, and a drastic reduction in the cumulated CYC and CS dose.</subfield>
   </datafield>
   <datafield ind1="8" ind2=" " tag="024">
      <subfield code="a">http://hdl.handle.net/11351/3856</subfield>
   </datafield>
   <datafield tag="653" ind2=" " ind1=" ">
      <subfield code="a">Comorbiditat</subfield>
   </datafield>
   <datafield tag="653" ind2=" " ind1=" ">
      <subfield code="a">Vasculitis - Espanya</subfield>
   </datafield>
   <datafield tag="653" ind2=" " ind1=" ">
      <subfield code="a">DISEASES::Cardiovascular Diseases::Vascular Diseases::Vasculitis::Systemic Vasculitis::Anti-Neutrophil Cytoplasmic Antibody-Associated Vasculitis</subfield>
   </datafield>
   <datafield tag="653" ind2=" " ind1=" ">
      <subfield code="a">Other subheadings::Other subheadings::Other subheadings::Other subheadings::/mortality</subfield>
   </datafield>
   <datafield tag="653" ind2=" " ind1=" ">
      <subfield code="a">Other subheadings::Other subheadings::Other subheadings::/physiopathology</subfield>
   </datafield>
   <datafield tag="653" ind2=" " ind1=" ">
      <subfield code="a">HEALTH CARE::Health Care Quality, Access, and Evaluation::Quality of Health Care::Epidemiologic Factors::Comorbidity</subfield>
   </datafield>
   <datafield tag="653" ind2=" " ind1=" ">
      <subfield code="a">GEOGRAPHICALS::Geographic Locations::Europe::Spain</subfield>
   </datafield>
   <datafield tag="653" ind2=" " ind1=" ">
      <subfield code="a">Other subheadings::Other subheadings::Other subheadings::/epidemiology</subfield>
   </datafield>
   <datafield tag="653" ind2=" " ind1=" ">
      <subfield code="a">ENFERMEDADES::enfermedades cardiovasculares::enfermedades vasculares::vasculitis::vasculitis sistémica::vasculitis asociada a anticuerpos anticitoplasma de neutrófilos</subfield>
   </datafield>
   <datafield tag="653" ind2=" " ind1=" ">
      <subfield code="a">Otros calificadores::Otros calificadores::Otros calificadores::Otros calificadores::/mortalidad</subfield>
   </datafield>
   <datafield tag="653" ind2=" " ind1=" ">
      <subfield code="a">Otros calificadores::Otros calificadores::Otros calificadores::/fisiopatología</subfield>
   </datafield>
   <datafield tag="653" ind2=" " ind1=" ">
      <subfield code="a">ATENCIÓN DE SALUD::calidad, acceso y evaluación de la atención sanitaria::calidad de la atención sanitaria::factores epidemiológicos::comorbilidad</subfield>
   </datafield>
   <datafield tag="653" ind2=" " ind1=" ">
      <subfield code="a">DENOMINACIONES GEOGRÁFICAS::Ubicaciones Geográficas::Europa (Continente)::España</subfield>
   </datafield>
   <datafield tag="653" ind2=" " ind1=" ">
      <subfield code="a">Otros calificadores::Otros calificadores::Otros calificadores::/epidemiología</subfield>
   </datafield>
   <datafield ind2="0" ind1="0" tag="245">
      <subfield code="a">Clinical characteristics and outcome of Spanish patients with ANCA-associated vasculitides: Impact of the vasculitis type, ANCA specificity, and treatment on mortality and morbidity</subfield>
   </datafield>
</record></metadata></record></GetRecord></OAI-PMH>